[Event "Linares Anibal op 05th"]
[Site "Linares"]
[Date "1998.01.29"]
[Round "10"]
[White "Korneev, Oleg"]
[Black "Tiviakov, Sergei"]
[Result "0-1"]
[WhiteElo "2560"]
[BlackElo "2640"]
[Annotator "Tiviakov,S"]
[PlyCount "102"]
[EventDate "1998.01.20"]
[EventType "swiss"]
[EventRounds "10"]
[EventCountry "ESP"]
[SourceTitle "CBM 062 Extra"]
[Source "ChessBase"]
[SourceDate "1998.03.09"]
[SourceVersion "1"]
[SourceVersionDate "1998.03.09"]
[SourceQuality "1"]

{[Having the smallest Bucholz among the group of 7 players, sharing the 1st
place with 7 points out of 9, the author of these lines had to win his last
round game in order to get a reasonable prize. But to win with Black pieces is
always not an easy task to do! So I was quite happy with the pairing, placing
me against Oleg Korneev. I have already met with him in a couple of games,
having well studied his aggressive style of play. Oleg spends a lot of time,
preparing himself for every game, always opting for the most principle lines,
never playing for a draw.]} 1. e4 c5 2. Nf3 Nc6 {[The Dragon was on board in
all my previous encounters with Oleg, so I could have expected him being less
prepared for the Maroczy bind. But one can say, that Maroczy is not the
opening to be selected, when the win is necessary, and nobody can argue with
that. But, there are always exceptions to the rule! The choice of an extremely
solid system exactly fits to be selected against the player, always trying to
win every game.]} 3. d4 cxd4 4. Nxd4 g6 5. c4 Nf6 6. Nc3 d6 7. Be2 Nxd4 8. Qxd4
Bg7 9. Be3 O-O 10. Qd2 Be6 11. O-O Qa5 12. Rab1 {[I could have expected that
line to be on board. Before our game this setup has been considered to be the
most dangerous for Black, who has to play carefully in order not to find
himself in a very passive position.]} Rfc8 13. b3 Ng4 $1 {[Black has to
exchange some of the pieces in order to have more space available for the
remaining ones.]} 14. Bd4 $5 $146 {[This move has been recommended by V.
Ivanchuk and has never been tried before. The alternative to the text is} (14.
Nd5 Qxd2 15. Bxd2 {. But with the queens gone off the board, Black doesn't
have much to worry about. E.g.} Kf8 (15... Bxd5 {is worse, since after} 16.
exd5 Nf6 17. Bd3 Nd7 18. Rfe1 $14 {White is slighlty better due to his pair of
bishops.} Bf6 19. Rbd1 a5 20. a4 Rc7 21. g3 h5 22. Kg2 Kg7 23. h3 b6 24. f4 Re8
25. g4 hxg4 26. hxg4 e5 27. dxe6 Rxe6 28. Rxe6 fxe6 29. Be3 Kf7 30. g5 Be7 31.
Rh1 Bf8 32. Rh8 Bg7 33. Rd8 d5 34. cxd5 exd5 35. Bb5 d4 36. Bf2 Nc5 37. Bc4+
Ke7 38. Rg8 Kd6 39. Re8 Re7 40. Rd8+ Kc7 41. Rd5 Ne4 42. Bxd4 Nd2 43. Kg3 Nxc4
44. bxc4 Bxd4 45. Rxd4 Re1 46. Rd5 Rc1 47. Re5 Kd7 48. Rb5 Kc6 49. Re5 Kd7 50.
Rd5+ Ke7 51. Rb5 Rxc4 52. Rxb6 Kf7 53. Rb7+ Kf8 54. Rb6 Kf7 55. Rb7+ Kf8 {
1/2-1/2 Popovic,Petar-Velimirovic,Dragoljub/Niksic (Yugoslavia) (12) 1997}) 16.
Bg5 {is stronger, than 16.Bg4, but still after the correct} (16. Bxg4 Bxg4 17.
Bg5 f6 $5 $11 {with equal chances.} (17... e6 $6 {leads to the unnecessary
complications with the White, who has the upper hand, emerging from them.} 18.
Nf6 h6 19. Bxh6 Be2 20. Rfe1 Bxc4 21. Nd7+ Kg8 22. Bxg7 Kxg7 23. Rbd1 Bb5 24.
Rxd6 Bxd7 25. Rxd7 Rc2 26. a4 b5 27. axb5 Rb2 28. h4 Rxb3 29. Rb7 Rc8 30. Re2
Rc5 31. Rxa7 Rcxb5 $14 32. e5 Rb2 33. Re3 R2b3 34. Rxb3 Rxb3 35. Kh2 Rb5 36. f4
Rb3 37. g3 Re3 38. Kh3 Rc3 39. Kg4 Rb3 40. Ra1 Kh6 41. Rh1 Ra3 42. h5 gxh5+ 43.
Rxh5+ Kg7 44. Rh1 Kg6 45. Rb1 Rc3 46. Rb6 Kg7 47. Rb1 Kg6 48. Rf1 Ra3 49. Rf3
Ra1 50. Rb3 Rg1 51. Ra3 Kh6 52. Kf3 Rb1 {1/2-1/2 Enders,Peter-Brendel,Oliver/
Germany 1995})) 16... Nf6 $1 (16... f6 17. Bd2 $14 {and White is slightly
better.} Ne5 18. f4 Nc6 19. f5 Bf7 20. g4 Ne5 21. Rbc1 Bxd5 22. exd5 Kf7 23.
Be3 b6 24. h4 h5 25. gxh5 g5 26. hxg5 fxg5 27. Bxg5 Bf6 28. Bf4 Bg5 29. Bxg5
Rg8 30. Kf2 Rxg5 31. Rg1 Rxf5+ 32. Ke3 Rg8 33. Rcf1 Rxf1 34. Rxf1+ Ke8 35. Rf2
Rg3+ 36. Kf4 Rh3 37. Kg5 Rg3+ 38. Kh4 Rg1 39. Kh3 Rg5 40. Rg2 Rf5 41. Kh4 Kf8
42. Bg4 Nxg4 43. Rxg4 Rf2 44. Kg3 {1-0 Gelfand,Boris-Andersson,Ulf/Polanica
Zdroj (Poland) (3) 1997}) 17. Nxf6 {(the only way to try to fight for the
advantage.)} Bxf6 18. Bxf6 exf6 19. Rbd1 Ke7 20. f4 Rc5 21. Rd4 a5 22. Rfd1 Ra6
$11 {the chances are level.} 23. g4 Rb6 24. R1d3 a4 25. f5 axb3 26. axb3 Bd7
27. Bd1 Re5 28. Rh3 Bc6 29. Rxh7 g5 30. h4 gxh4 31. Rxh4 Bxe4 32. Rh3 Ra6 33.
Rh2 d5 34. c5 Ra1 35. Kf2 Rc1 36. b4 Bc2 37. Bf3 Bb3 38. Rh8 Rc2+ 39. Kg3 Rc3
40. Kf4 Re1 41. Rh2 Bc4 42. Rf2 Rb1 43. g5 fxg5+ 44. Kxg5 f6+ 45. Kf4 Kf8 46.
Rg2 Rcb3 47. Bxd5 {1/2-1/2 Tischbierek,Raj-Van Der Weide,Karel/Berlin (Germany)
(3) 1997}) 14... Bxd4 15. Qxd4 {[Usually the exchange of the dark-squared
bishops is in Black favour,since White is left with the 'bad' Be2. The only
try to get the advantage for White lies in the creation of the attack on the
king's side (by the march of the pawn f2). That's why Black has to regroup his
pieces in order to deal with the White's plan.]} Qc5 $5 (15... Nf6 $5 {,
followed by Qc5, Bd7, a5, Bc6, leads to the same position as the text. Please,
note, that}) (15... Qe5 $6 {is bad because of the march of the pawn f2 to f6
after the exchange of the queens.} 16. Qxe5 Nxe5 17. f4 Nc6 18. f5 Bd7 19. f6
$16 {with advantage for White, since the pawn d6 is weak.}) 16. Qd3 {[Stronger,
than} (16. Qd2 Nf6 $11 {, when after Bd7, a5, Bc6, the pawn e4 is not defended
by the queen.}) 16... Nf6 (16... Ne5 $6 {is worse, since after} 17. Qg3 {
and 18.Kh1, the march of the pawn f2-f4-f5 is very unpleasant for Black.} (17.
Qd2 $5 {is possible as well.})) 17. Kh1 Bd7 18. f4 {[After} (18. b4 Qc7 {
White pawns on the queen's side are weak.}) 18... a5 $11 (18... Bc6 $2 {
is a serious mistake. After} 19. b4 $16 {White is much better.}) 19. a4 $6 {
[The idea to prevent the possible counter-play of Black on the queen's side,
fixing the pawn on a5, is understandable. But after 19.a4, White pawns on the
queen's side are also fixed, thus, making them a target in the nearest future 
(especially the pawn b3). White should have played 19.Bf3 or 19.Rbe1, both
giving Black a choice between immediate 19...a4 and 19...Bc6, improving the
position of the bishop. Black chances are at least not worse.]} Bc6 20. Nd5 Re8
{[Black keeps the tension in the centre, preferring not to exchange the knight
on d5 immediately.]} 21. Rbd1 {[After} (21. Nxf6+ exf6 22. Bf3 $11 {the
chances are equal. The weak pawns e4 and d6 compensate each other.}) (21. Rbe1
Rad8 $11 {is equal as well.} (21... Nd7 $5 {and e6, deserves attention.}))
21... Rad8 {[Stronger, than} (21... Nd7 {, which is met by} 22. Bg4 $5 {and now
} e6 {is impossible because of} 23. Nc7 Bxe4 24. Qxd6 {, winning the exchange.}
) 22. h4 $2 {[Probably, the decisive mistake, seriously weakening the king's
side. After it, it's very easy for Black to develop the initiative, exploiting
the numerous weaknesses in the White camp. After the correct} (22. Nxf6+ exf6
23. Bf3 $11 {the position is equal.}) (22. Bf3 {is worse, since after} Nd7 {
Black has the better perspectives, preparing the move e7-e6 or e7-e5. The
bishop f3 is 'bad'.}) 22... Bxd5 23. cxd5 (23. exd5 e6 24. dxe6 Rxe6 $15 {
/-/+ allows Black to seize the control over the 'e' file, bringing him an
unquestionable advantage. The squares e4 and e3 are weak.}) 23... Qb4 24. Bf3
$8 {[The only move, since} (24. e5 $4 dxe5 25. fxe5 Qxh4+ $19 {and Rd5 or Nd5
loses 2 pawns.}) 24... Rc8 25. Rc1 (25. e5 $5 {deserved attention, after which
Black had a choice between winning the pawn immediately by 25...dxe5 26.fxe5
Qxh4+ 27.Kg1 Nd7=/+ or keeping the tension: 25...Nd7, with advantage in both
cases.}) 25... Rxc1 $1 {[Stronger, than} (25... Nd7 {, which allows White to
consolidate the position by} 26. Qe3 {(the only move) and if} Nc5 {, then} 27.
Rb1 {(again, the only).} (27. Rc3 $2 {loses after} Nxe4 $1 {(Korneev)} 28. Rxc8
Ng3+ 29. Kg1 Rxc8 $19 {.})) 26. Rxc1 e5 27. dxe6 (27. fxe5 Rxe5 {(threatening
to win the pawn e4)} 28. Kh2 $1 {deserved attention, planning to meet} Nxe4 $6
{by} 29. Rc4 Nc5 30. Rxb4 Nxd3 31. Rxb7 {. But the control over the black
squares after 28...Re8 and 29...Nd7 should secure Black advantage. 28...Nd7
immediately deserves attention.}) 27... Rxe6 28. Kh2 $6 {[Missing a strong
reply by Black} (28. Rc4 $2 Qe1+ 29. Kh2 Qxh4+ 30. Kg1 Qxf4 $19 {loses 2 pawns.
But}) (28. Qc4 $5 {is, probably, the best. After} Qd2 $1 (28... Nxe4 29. Qxb4
axb4 30. Rc4 $13 {is unclear.}) 29. f5 {,} Re5 $5 {with advantage, is
interesting.} (29... gxf5 30. exf5 Re1+ 31. Rxe1 Qxe1+ 32. Kh2 Qe5+ $15 {
and Black is only slightly better.})) (28. Qc3 Qxc3 29. Rxc3 Nxe4 $17 {leads
White to a difficult, probably, lost ending. E.g.} 30. Rc7 b6 31. Rc6 d5 32.
Rxe6 $2 fxe6 33. Bxe4 dxe4 34. Kg1 Kf7 35. Kf2 Kf6 36. g4 h5 $19 {and Black
wins.}) 28... d5 $1 (28... Nxe4 $2 {is not good in view of} 29. Rc4 {.}) 29.
exd5 $8 {[The only, since} (29. Rc8+ Kg7 30. exd5 {loses after} Qxf4+ {. For
example,} 31. g3 (31. Kh3 Re3 $19 (31... Re1 32. g3 Re3 33. gxf4 Rxd3 $19))
31... Re3 32. gxf4 Rxd3 $19) 29... Qxf4+ 30. g3 (30. Kh3 Re3 $19 {with attack,
is hopeless for White.}) 30... Re3 $1 (30... Qxc1 31. dxe6 $13 {is unclear.})
31. gxf4 Rxd3 $17 {[Now only the technique is required to convert the
advantage into a full point.]} 32. Kg3 $5 {[Not an easy decision to make,
since both} (32. Bh1 $5 {and}) (32. Kg2 $5 {deserve serious attention as well.}
) 32... Nxd5 {[It took a lot of time for me to make this move, since} (32...
Nh5+ $5 33. Kf2 Nxf4 $17 {and}) (32... Rxb3 $5 $17 {are both worthy
alternatives to the text. But, finally, I decided to eliminate the most
dangerous 'soldier' in the White camp.}) 33. Rc8+ $6 $138 {[Being short of
time, my opponent misses the most stubborn defence:} (33. Rc5 Ne7 34. Rxa5 Rxb3
$17 {, and now because of the threat Nf5-h4, Black must win.}) 33... Kg7 34.
Rd8 Nxf4 $19 35. Rxd3 Nxd3 36. Bxb7 f5 $1 {[Black is just in time to bring his
king into the centre, preventing the march of the White king to the queen's
side.]} 37. Kf3 (37. Ba6 Nb4 $5 38. Bc4 Kf6 39. Kf4 h6 40. Ke3 Ke5 $19 {
loses as well.}) 37... Kf6 38. Ke3 Nc5 39. Bd5 Ke5 {[The rest is very easy,
since Black has 2 extra pawns on the king's side with the White pawns on the
queen's side being blocked.]} 40. Bf7 f4+ 41. Kf3 Kf5 42. Bc4 (42. Bg8 {
loses after} h6 43. Bh7 Kf6 $5 {(threatening to win the bishop by means of Kg7)
} 44. h5 (44. Bg8 Ke5 $19 {and g5.}) 44... g5 $19 {.}) 42... h6 43. Kf2 g5 44.
hxg5 hxg5 45. b4 axb4 46. a5 Ke4 47. a6 Nxa6 48. Bxa6 b3 49. Bc4 b2 50. Bf7 Kd3
51. Kf3 Kd2 {[Luckily for me, I was the only player from the top 7 to win the
last game, which allowed me to become the clear winner of the Linares
tournament.]} 0-1

[Event "Hoogeveen Essent op"]
[Site "Hoogeveen"]
[Date "2000.10.15"]
[Round "3"]
[White "Van der Wiel, John"]
[Black "Tiviakov, Sergei"]
[Result "1/2-1/2"]
[WhiteElo "2531"]
[BlackElo "2608"]
[Annotator "Tiviakov,S"]
[PlyCount "56"]
[EventDate "2000.10.13"]
[EventType "swiss"]
[EventRounds "9"]
[EventCountry "NED"]
[SourceTitle "CBM 078 Extra"]
[Source "ChessBase"]
[SourceDate "2000.11.10"]
[SourceVersion "1"]
[SourceVersionDate "2000.11.10"]
[SourceQuality "1"]

1. e4 c5 2. Nf3 Nc6 3. d4 cxd4 4. Nxd4 g6 5. c4 Nf6 6. Nc3 d6 7. Be2 Nxd4 8.
Qxd4 Bg7 9. Bg5 O-O 10. Qd2 Be6 11. Rc1 Qa5 12. f3 Rfc8 13. b3 a6 14. Na4 Qxd2+
15. Kxd2 Nd7 16. g4 f6 17. Be3 f5 18. exf5 gxf5 19. h3 Rf8 20. f4 Nf6 21. Rhg1
Rad8 22. Bb6 Rc8 $1 {[#]} (22... Rd7) (22... Rde8) 23. Bf3 $1 $146 (23. Nc3 {
(Ivanchuk Vassily (UKR)-Georgiev Kiril (BUL)/Belgrade (Yugoslavia) 1997, Inf
71/163)} fxg4 $1 24. hxg4 d5 $36) 23... fxg4 (23... Nd7 $5) 24. hxg4 Nd7 25.
Rce1 (25. Be3 $5 b5 $13) (25. f5 Bf7 $13) 25... Rxf4 $1 26. Bxb7 (26. Rxe6 Rxf3
27. Rxe7 Rf7 $11) 26... Rb8 27. Rxe6 Nxb6 28. Nxb6 (28. Rxe7 $2 Bf6 29. Rc7 Bd8
$17) (28. Bxa6 Nxa4 (28... Rf2+ 29. Re2 Rxe2+ 30. Kxe2 Nxa4 31. bxa4 Rb2+ 32.
Kd3 Rxa2 33. Bb5 $14) 29. bxa4 Rb2+ (29... Rf2+ 30. Kd3 Rxa2 31. Bb5 Kf7 32.
Re3 $14) 30. Ke3 Rff2 $13) 28... Rxb7 {[29.Nd5 Rf2+ 30.Re2 Rxe2+ 31.Kxe2=]}
1/2-1/2

[Event "Groningen Festival"]
[Site "Groningen"]
[Date "1998.12.30"]
[Round "10"]
[White "Asrian, Karen"]
[Black "Tiviakov, Sergei"]
[Result "1/2-1/2"]
[WhiteElo "2600"]
[BlackElo "2655"]
[Annotator "Tiviakov,S"]
[PlyCount "33"]
[EventDate "1998.12.20"]
[EventType "tourn"]
[EventRounds "10"]
[EventCountry "NED"]
[EventCategory "16"]
[SourceTitle "CBM 069"]
[Source "ChessBase"]
[SourceDate "1999.04.01"]
[SourceVersion "1"]
[SourceVersionDate "1999.04.01"]
[SourceQuality "1"]

1. e4 c5 2. Nf3 Nc6 3. d4 cxd4 4. Nxd4 g6 5. c4 Nf6 6. Nc3 d6 7. Be2 Nxd4 8.
Qxd4 Bg7 9. Bg5 O-O 10. O-O Be6 11. Qe3 Qb6 12. Rab1 Qxe3 13. Bxe3 Rfc8 14. b3
Ng4 $5 (14... Nd7 15. Nd5 Bxd5 16. exd5 Nc5 17. Rbc1 a5 18. Rc2 Na6 19. a3 b5
20. Rfc1 b4 {1/2-1/2 Anand, Viswanathan - Tiviakov, Sergei/Groningen 
(Netherlands) 1993}) 15. Bd2 (15. Bxg4 Bxg4 16. Nd5 Kf8 17. Bg5 f6 18. Be3 $11
Be2 19. Rfe1 Bd3 20. Rbd1 Bxe4 21. Nxe7 Kxe7 22. Bf4 f5 23. f3 Be5 24. Bxe5
dxe5 25. fxe4 f4 26. Rd5 Ke6 27. Red1 Re8 28. Rd6+ Kf7 29. R1d5 Re7 30. c5 Rae8
31. b4 Re6 32. Rd7+ R8e7 33. b5 Rxd7 34. Rxd7+ Re7 35. Rxe7+ Kxe7 36. h4 h6 37.
Kf2 Kd7 38. Kf3 a6 39. a4 axb5 40. axb5 Ke7 41. Kg4 Ke6 42. Kf3 Kd7 43. Ke2 Kc7
44. Kf3 Kd7 45. Kg4 Ke6 46. h5 g5 47. Kf3 Kd7 48. Kg4 {1/2-1/2 Stangl,
Markus-Schindler,Werner Dr/Germany 1990}) 15... Be5 (15... Bxc3 16. Bxc3 b5 17.
h3 $14 (17. f3 $5)) (15... Bd4 $5) 16. Nd5 (16. h3 Nf6 $11) 16... Kf8 $146 (
16... Bxd5 $142 17. Bxg4 (17. exd5 Nf6 {/\Ne4-c3, /\b5}) 17... Be6 18. Bxe6
fxe6 $11 19. Be3 Bc3 20. Rfd1 Bb4 21. e5 dxe5 22. Rd7 b6 23. Rbd1 Kf7 24. Kf1
Ke8 25. R7d3 Rc6 26. Ke2 Rd6 27. f4 Rxd3 28. Rxd3 exf4 29. Bxf4 Rd8 30. Rxd8+
Kxd8 31. Kf3 Bd6 32. Ke4 Kd7 33. h3 Kc6 34. Be3 {1/2-1/2 Vaganian,
R-Velimirovic,D/Zonal 1.5, Panormo (Greece) 1998}) 17. h3 $6 {[17...Nf6=]} (17.
Bxg4 Bxg4 18. Bg5 f6 (18... e6 19. Nf6 $16) 19. Be3 Be6 (19... e6 $2 20. f4
exd5 21. fxe5 $16) (19... g5 20. f3 Be6 21. g3 Bxd5 22. exd5 $14 {/\f4}) 20. f4
Bxd5 21. exd5 Bc3 $14) (17. Bg5 Nf6 (17... f6 18. Bxg4 Bxg4 {- 17.Bg4 Bg4 18.
Bg5 f6}) 18. Nxf6 Bxf6 19. Bxf6 exf6 $14) 1/2-1/2

[Event "EU-ch 1st"]
[Site "Saint Vincent"]
[Date "2000.07.11"]
[Round "8"]
[White "Beshukov, Sergei"]
[Black "Tiviakov, Sergei"]
[Result "1/2-1/2"]
[WhiteElo "2428"]
[BlackElo "2608"]
[Annotator "Tiviakov,S"]
[PlyCount "32"]
[EventDate "2000.07.03"]
[EventType "swiss"]
[EventRounds "11"]
[EventCountry "ITA"]
[SourceTitle "CBM 078"]
[Source "ChessBase"]
[SourceDate "2000.10.18"]
[SourceVersion "1"]
[SourceVersionDate "2000.10.18"]
[SourceQuality "1"]

1. e4 c5 2. Nf3 Nc6 3. d4 cxd4 4. Nxd4 g6 5. c4 {[#]} Bh6 $5 $146 6. Bxh6 Nxh6
7. Nc3 O-O (7... d6) 8. Be2 d6 (8... f5 $5) 9. Qd2 (9. O-O Be6 $5 (9... f5 $5
$14)) 9... Ng4 (9... Kg7) 10. Bxg4 (10. O-O Nge5 $11) 10... Bxg4 11. h3 (11.
O-O $142 Be6 (11... Qb6 $5) (11... Rc8)) 11... Be6 12. b3 Qb6 (12... Nxd4 $142
13. Qxd4 Qa5 $11) (12... Qa5 $5 {/\a6, b5}) 13. Nc2 (13. Rd1 Nxd4 14. Qxd4 Qxd4
15. Rxd4 $11 {_|_}) 13... a6 (13... f5 $5) (13... Qc5 $5) 14. Ne3 Qc5 {[/\b5]}
15. Rc1 $14 Qe5 (15... Rac8) 16. O-O Qf4 (16... g5 $5 $14) 1/2-1/2

[Event "Reggio Emilia 50th"]
[Site "Reggio Emilia"]
[Date "2007.12.31"]
[Round "3"]
[White "Almasi, Zoltan"]
[Black "Tiviakov, Sergei"]
[Result "1/2-1/2"]
[WhiteElo "2691"]
[BlackElo "2643"]
[Annotator "Tiviakov,S"]
[PlyCount "75"]
[EventDate "2007.12.29"]
[EventType "tourn"]
[EventRounds "9"]
[EventCountry "ITA"]
[EventCategory "16"]
[SourceTitle "CBM 122"]
[Source "ChessBase"]
[SourceDate "2008.01.30"]
[SourceVersion "1"]
[SourceVersionDate "2008.01.30"]
[SourceQuality "1"]

1. e4 c5 2. Nf3 Nc6 3. d4 cxd4 4. Nxd4 g6 5. c4 Nf6 6. Nc3 Nxd4 7. Qxd4 d6 8.
Be2 Bg7 9. Be3 O-O 10. Qd2 a5 11. O-O a4 12. Bd4 $5 Be6 (12... Qa5 13. Qe3 Be6
14. f4 Rfc8 15. Nd5 Nxd5 16. exd5 Bxd4 17. Qxd4 Bd7 18. Rfe1 {1/2-1/2 Stock,
L-Hendriks,W/Trieste ITA 2007/The Week in Chess 670 (18)}) 13. Qe3 Nd7 (13...
Qa5 {- 12...Qa5 13.Be3 Be6}) 14. Bxg7 Kxg7 15. b3 $1 $146 (15. Nd5 $6 Bxd5 (
15... Re8 16. Rac1 (16. Rad1 Bxd5 17. exd5 Qb6 18. Qc3+ Kg8 19. Rd4 Qa5 20. Qc1
Nf6 21. a3 Rec8 22. Qe3 Qb6 23. Rb1 Qd8 24. h4 Qf8 25. Re1 Re8 26. Qd2 Nd7 27.
h5 Qg7 28. Bd1 Nc5 29. Re3 Rab8 30. Rh4 b6 31. Reh3 b5 32. cxb5 Rxb5 33. hxg6
hxg6 34. Qf4 e5 35. Qh2 Kf8 36. Rh7 Rxb2 37. Rxg7 Rb1 38. Rxf7+ Kxf7 39. Rh7+
Kg8 40. Qh6 {1-0 Dvoirys,S-Inarkiev,E/Elista 2001/CBM 083 (40)}) 16... Nc5 17.
Rc3 Bxd5 18. exd5 e5 19. dxe6 Rxe6 20. Qd4+ Qf6 21. Qxf6+ Kxf6 22. Bf3 Ke7 23.
Bd5 Re2 24. b4 axb3 25. axb3 Ra3 26. Rf3 Ne6 27. Bxb7 Rb2 28. Bd5 Raxb3 29.
Rxb3 Rxb3 30. c5 Rb5 {1/2-1/2 Azarov,S-Inarkiev,E/Goa 2002/CBM 091 ext (30)})
16. exd5 Qb6 $11 17. Qc3+ (17. Qxe7 Nc5 18. Qe3 Qxb2 $15) 17... Ne5 18. Kh1 Qa5
19. Qd4 Qa7 20. Qc3 Qa5 21. Qd4 Qa7 22. Qc3 Qa5 {1/2-1/2 Azarov Sergei (BLR)
-Timofeev Artyom (RUS)/Dresden (Germany) 2007 (22)}) 15... axb3 (15... Qb6 16.
Nxa4 Qxe3 17. fxe3 $14) 16. axb3 $14 Qc7 (16... Qb6 17. Qxb6 Nxb6 18. f4 $14 {
פb6}) 17. Nb5 (17. f4 $5 Qc5 18. Kf2) 17... Qc5 18. Qc3+ (18. Nd4 Nf6 (18...
Ne5 $5 {/\Nc6}) 19. f4 $14) 18... Qe5 19. Qxe5+ (19. Nd4 $14) 19... Nxe5 20. f4
$14 {_|_} Nc6 21. Bf3 (21. Kf2 Bd7 $14 {_|_}) 21... Bd7 22. Rfd1 {(/\e4-e5,
<->d)} Rxa1 23. Rxa1 Rc8 24. Kf2 Kf8 25. Ke3 Nb4 $5 (25... Nd8 {/\e6, Ke7}) 26.
Ra7 (26. Ra4 Nc2+ 27. Kd2 Nd4 $5 28. Nxd4 Bxa4 29. bxa4 Rxc4 30. Kd3 Rxa4 $11)
26... Bxb5 27. cxb5 Nc2+ 28. Kf2 (28. Kd2 Nd4) (28. Kd3 Ne1+ $11 (28... b6 $5))
28... b6 {(/\Nd4, ><b3, b5)} 29. Rb7 Nd4 30. Rxb6 Nxb3 {(/\Nc5, צb6)} 31. e5
dxe5 32. fxe5 Nc5 33. Rc6 (33. Be2 Ke8 34. Ke3 $140 Nd7 {><e5}) (33. Ke3 $5 Nd7
$140 34. Rc6 Rb8 35. e6 fxe6 36. Be2 $14) 33... Rxc6 34. bxc6 Ke8 35. Ke3 Kd8
36. Bd5 e6 37. Kd4 Na4 38. Be4 $11 1/2-1/2